| 000 | 00382nam a2200145Ia 4500 | ||
|---|---|---|---|
| 008 | 210716s2003 xx 000 0 und d | ||
| 041 | _aeng | ||
| 082 | _a659.1 CHUS | ||
| 100 | _aCHunawala, S A. | ||
| 245 |
_aAdvertising: introductory text. _bIntroductory text. |
||
| 250 | _a1 | ||
| 260 |
_aNew Delhi _bHimalaya Publishing House _c2003 |
||
| 300 | _a232 | ||
| 650 | _aAdvertising | ||
| 999 |
_c199791 _d199791 |
||